000 00459nam a2200181Ia 4500
005 20250923144524.0
008 008 250917s9999 xx 000 0 eng d
037 _aTextual
040 _aDSWL
_beng
_cDSWL
041 _aeng
_2eng
084 _qDSWL
100 _aSaxena, R.C.
_9825730
245 0 _aLabour problem & social world
_cby R.C. Saxena
260 _c1955
300 _axvi,764p.
942 _cTEXL
999 _c1439984
_d1439984